[Event "18. Torneo Ciudad de Albacete 2010"]
[Site "Albacete ESP"]
[Date "2010.09.17"]
[Round "6.7"]
[White "Navarro Lopez-Menchero, Daniel"]
[Black "Pardo Simon, David"]
[Result "0-1"]
[WhiteElo "2100"]
[BlackElo "2336"]
[PlyCount "62"]
[EventDate "2010.09.14"]
[EventType "swiss"]
[EventRounds "9"]
[EventCountry "ESP"]
[Source "lmi"]
[SourceDate "2010.09.14"]

1. e4 e5 2. Nf3 Nc6 3. Bb5 f5 4. Nc3 fxe4 5. Nxe4 Nf6 6. Qe2 d5 7. Neg5 Bd6 8.
Nxe5 O-O 9. Nxc6 bxc6 10. Bxc6 Rb8 11. Ne6 Bxe6 12. Qxe6+ Kh8 13. O-O Rb6 14.
g3 Rxc6 15. a3 Rb6 16. Qe2 Re8 17. Qf3 Qe7 18. b4 Qe2 19. Qxe2 Rxe2 20. d3 d4
21. c3 dxc3 22. Be3 Rb8 23. Rfc1 Nd5 24. Kf1 Rb2 25. Bxa7 Ra8 26. Bd4 Rb3 27.
Ke2 Raxa3 28. Rxa3 Rxa3 29. b5 Ra2+ 30. Kf3 c2 31. Ke4 Ba3 0-1

[Event "18. Torneo Ciudad de Albacete 2010"]
[Site "Albacete ESP"]
[Date "2010.09.17"]
[Round "6.8"]
[White "Martinez Peiro, Gabriel"]
[Black "Sanchez Jerez, Emilio Miguel"]
[Result "0-1"]
[WhiteElo "2051"]
[BlackElo "2282"]
[PlyCount "94"]
[EventDate "2010.09.14"]
[EventType "swiss"]
[EventRounds "9"]
[EventCountry "ESP"]
[Source "lmi"]
[SourceDate "2010.09.14"]

1. d4 g6 2. c4 Bg7 3. Nf3 Nf6 4. Nc3 O-O 5. e4 c5 6. d5 d6 7. h3 e5 8. Bd3 Ne8
9. Bg5 f6 10. Bh4 Qd7 11. g4 Na6 12. a3 Nac7 13. Nd2 Bh6 14. Qe2 Kh8 15. f3 Qg7
16. Kd1 Bd7 17. b3 Bf4 18. Kc2 Rb8 19. Bf2 h5 20. gxh5 gxh5 21. Be3 Qh6 22.
Bxf4 exf4 23. Qg2 Qg5 24. Qh2 f5 25. Rag1 Qh6 26. Ne2 fxe4 27. Bxe4 Rf6 28. Qg2
Ng7 29. Qg5 Rbf8 30. Qxh6+ Rxh6 31. Kc3 h4 32. Rg6 Rxg6 33. Bxg6 Rf6 34. Bc2
Nce8 35. Ne4 Rf8 36. Rg1 Nh5 37. Rg6 Ng3 38. Ng5 Nxe2+ 39. Kd2 Nd4 40. Rh6+ Kg8
41. Bh7+ Kg7 42. Rg6+ Kh8 43. Rh6 Rf6 44. Rxh4 Kg7 45. Bd3 Bf5 46. Nh7 Nxf3+
47. Ke2 Nxh4 0-1

[Event "18. Torneo Ciudad de Albacete 2010"]
[Site "Albacete ESP"]
[Date "2010.09.17"]
[Round "6.9"]
[White "Machado Hernandez, Junior"]
[Black "Picazo Lopez, Juan Antonio"]
[Result "1/2-1/2"]
[WhiteElo "2010"]
[BlackElo "2232"]
[PlyCount "182"]
[EventDate "2010.09.14"]
[EventType "swiss"]
[EventRounds "9"]
[EventCountry "ESP"]
[Source "lmi"]
[SourceDate "2010.09.14"]

1. e4 d5 2. exd5 Nf6 3. d4 Nxd5 4. c4 Nb6 5. Nc3 e5 6. d5 Bb4 7. Qb3 Bxc3+ 8.
Qxc3 O-O 9. Nf3 c6 10. d6 e4 11. Nd4 Na6 12. c5 Na4 13. Qg3 N6xc5 14. Bg5 Qa5+
15. Bd2 Qb6 16. Nb3 e3 17. Ba5 exf2+ 18. Kd1 Re8 19. Qxf2 Nxb3 20. Bxb6 Bg4+
21. Kc2 Nxa1+ 22. Kb1 axb6 23. Bd3 Be6 24. Qh4 g6 25. Bc4 Bf5+ 26. Kxa1 Re4 27.
Bxf7+ Kxf7 28. Qxh7+ Kf6 29. g4 Bxg4 30. Qxb7 Rae8 31. Rb1 Nc5 32. Qxc6 Nd7 33.
b3 Bf5 34. Qc3+ Kf7 35. Rf1 R8e5 36. a4 Re2 37. Qc7 Ke6 38. Rd1 Rxh2 39. Qd8
Kf7 40. Rf1 Ke6 41. Qg8+ Kxd6 42. Rd1+ Kc7 43. Rc1+ Rc2 44. Rxc2+ Bxc2 45. Kb2
Bf5 46. Qc4+ Kb7 47. b4 Re4 48. Qd5+ Kc7 49. Kb3 Re3+ 50. Kb2 Be6 51. Qd4 Re2+
52. Kc3 Re5 53. a5 bxa5 54. Qa7+ Kd6 55. bxa5 g5 56. a6 Rc5+ 57. Kd4 Rc4+ 58.
Ke3 Bd5 59. Kf2 Rf4+ 60. Kg3 Rb4 61. Qf2 Rb3+ 62. Kg4 Ra3 63. a7 Kc7 64. Qh2+
Kb7 65. Qd6 Ra4+ 66. Kxg5 Bc6 67. a8=Q+ Rxa8 68. Qb4+ Kc7 69. Qf4+ Kc8 70. Qd6
Ra5+ 71. Kf4 Kb7 72. Ke3 Rd5 73. Qb4+ Kc7 74. Qf4+ Kb6 75. Qb4+ Bb5 76. Qb3
Re5+ 77. Kf4 Re4+ 78. Kf5 Nc5 79. Qg3 Bd7+ 80. Kf6 Re6+ 81. Kf7 Ne4 82. Qb8+
Kc6 83. Qa8+ Kd6 84. Qb8+ Kd5 85. Qb7+ Kd6 86. Qb8+ Kc6 87. Qa8+ Kb6 88. Qd8+
Kc6 89. Qa8+ Kc7 90. Qa7+ Kd6 91. Qb8+ Kc6 1/2-1/2

[Event "18. Torneo Ciudad de Albacete 2010"]
[Site "Albacete ESP"]
[Date "2010.09.17"]
[Round "6.10"]
[White "Alcaraz Ortega, Javier"]
[Black "Trabazos Gallego, Javier"]
[Result "1-0"]
[WhiteElo "2229"]
[BlackElo "1980"]
[PlyCount "77"]
[EventDate "2010.09.14"]
[EventType "swiss"]
[EventRounds "9"]
[EventCountry "ESP"]
[Source "lmi"]
[SourceDate "2010.09.14"]

1. d4 d6 2. Nf3 Bg4 3. c4 c6 4. Nc3 Nd7 5. e4 e5 6. Be2 exd4 7. Nxd4 Bxe2 8.
Qxe2 g6 9. Bf4 Bg7 10. Rd1 Ne5 11. O-O Qe7 12. Rfe1 O-O-O 13. b4 Qh4 14. Bg3
Qg4 15. f3 Qd7 16. f4 Ng4 17. h3 N4h6 18. Qf3 Ne7 19. Rd2 Qc7 20. a3 Rhe8 21.
Bh4 Qb6 22. Bf2 Qc7 23. Red1 Kb8 24. Kh1 Nc8 25. b5 c5 26. Nd5 Qd7 27. Nb3 Ne7
28. Bh4 Nxd5 29. Rxd5 Qe6 30. Bxd8 Rxd8 31. Nxc5 Qc8 32. e5 Bf8 33. Qd3 Qf5 34.
exd6 Qxd3 35. R1xd3 Nf5 36. Ne4 Ng7 37. c5 Ne6 38. c6 Kc8 39. c7 1-0

[Event "18. Torneo Ciudad de Albacete 2010"]
[Site "Albacete ESP"]
[Date "2010.09.17"]
[Round "6.11"]
[White "Pastor Villalba, Arturo"]
[Black "Fenollar Jorda, Manuel"]
[Result "0-1"]
[WhiteElo "1767"]
[BlackElo "2344"]
[PlyCount "98"]
[EventDate "2010.09.14"]
[EventType "swiss"]
[EventRounds "9"]
[EventCountry "ESP"]
[Source "lmi"]
[SourceDate "2010.09.14"]

1. d4 d5 2. c4 c6 3. Nc3 Nf6 4. Bg5 dxc4 5. a4 Nd5 6. e4 Nxc3 7. bxc3 b5 8. Nf3
a6 9. g3 Bb7 10. Bg2 h6 11. Bf4 e6 12. O-O Nd7 13. Re1 Be7 14. e5 Nb6 15. Nd2
Nd5 16. Ne4 Qc7 17. Nd6+ Bxd6 18. exd6 Qd7 19. Bxd5 cxd5 20. axb5 axb5 21.
Rxa8+ Bxa8 22. Qg4 O-O 23. Bxh6 f5 24. Qg6 Rf6 25. Qxg7+ Qxg7 26. Bxg7 Kxg7 27.
d7 Rf8 28. Rxe6 Kf7 29. Re5 Rd8 30. Rxf5+ Kg7 31. Rg5+ Kf6 32. Rh5 Rxd7 33.
Rh6+ Kg7 34. Ra6 Rd8 35. Rb6 b4 36. Rxb4 Bc6 37. Rb6 Be8 38. g4 Ra8 39. Re6 Bg6
40. Re3 Ra3 41. Kg2 Bd3 42. Re5 Rxc3 43. h4 Be4+ 44. Kf1 Bf3 45. Ke1 Rd3 46.
Rg5+ Kf7 47. Rf5+ Ke6 48. Re5+ Kd6 49. Re2 Rxd4 0-1

[Event "18. Torneo Ciudad de Albacete 2010"]
[Site "Albacete ESP"]
[Date "2010.09.17"]
[Round "6.12"]
[White "Olivera Gutierrez, Albert"]
[Black "Aroca Villalba, Miguel"]
[Result "1-0"]
[WhiteElo "2073"]
[BlackElo "1982"]
[PlyCount "61"]
[EventDate "2010.09.14"]
[EventType "swiss"]
[EventRounds "9"]
[EventCountry "ESP"]
[Source "lmi"]
[SourceDate "2010.09.14"]

1. e4 e6 2. d4 d5 3. Bd3 Nf6 4. e5 Nfd7 5. Nf3 c5 6. c3 Nc6 7. O-O f6 8. Ng5
Ndxe5 9. dxe5 fxg5 10. Qh5+ Kd7 11. Bxg5 Qe8 12. Qe2 Kc7 13. a3 Bd7 14. b4 c4
15. Bc2 h6 16. Be3 g5 17. f4 Be7 18. a4 b6 19. Na3 a6 20. b5 Na5 21. Qf2 Qb8
22. bxa6 Bxa3 23. Rxa3 gxf4 24. Qxf4 Rxa6 25. Rb1 Nc6 26. Bc5 Qd8 27. Bd6+ Kb7
28. Ra2 Qg5 29. Qf2 Nxe5 30. Rab2 Ng4 31. Rxb6+ 1-0

[Event "18. Torneo Ciudad de Albacete 2010"]
[Site "Albacete ESP"]
[Date "2010.09.17"]
[Round "6.13"]
[White "Atienza, Hilario"]
[Black "Sanchez Argandona, Santiago"]
[Result "1-0"]
[WhiteElo "1861"]
[BlackElo "1673"]
[PlyCount "63"]
[EventDate "2010.09.14"]
[EventType "swiss"]
[EventRounds "9"]
[EventCountry "ESP"]
[Source "lmi"]
[SourceDate "2010.09.14"]

1. e4 c5 2. Nf3 e6 3. d4 cxd4 4. Nxd4 Nf6 5. Bd3 d6 6. Nc3 a6 7. a4 Qc7 8. O-O
Nc6 9. Nb3 Nb4 10. Be2 d5 11. exd5 Nbxd5 12. Nxd5 Nxd5 13. Bf3 Nf6 14. Bd2 Rb8
15. Bc3 Be7 16. Re1 Qd8 17. Be5 Ra8 18. Qe2 O-O 19. Red1 Qe8 20. Na5 Nd7 21.
Bf4 Ra7 22. c3 e5 23. Bxe5 Nxe5 24. Qxe5 Bf6 25. Qb8 b6 26. Qxa7 bxa5 27. Re1
Be6 28. Qxa6 Qb8 29. Qxa5 Qxb2 30. Qb4 Qd2 31. Red1 Bxc3 32. Qxf8+ 1-0

[Event "18. Torneo Ciudad de Albacete 2010"]
[Site "Albacete ESP"]
[Date "2010.09.17"]
[Round "6.14"]
[White "Garcia Roman, Jose Luis Machado"]
[Black "Devesa Seoane, Antonio"]
[Result "1-0"]
[WhiteElo "1997"]
[BlackElo "1859"]
[PlyCount "65"]
[EventDate "2010.09.14"]
[EventType "swiss"]
[EventRounds "9"]
[EventCountry "ESP"]
[Source "lmi"]
[SourceDate "2010.09.14"]

1. e4 e5 2. Nf3 Nc6 3. Bb5 a6 4. Ba4 Nf6 5. O-O b5 6. Bb3 Be7 7. Re1 O-O 8. c3
d5 9. exd5 Nxd5 10. Nxe5 Nxe5 11. Rxe5 Nf6 12. d4 Bd6 13. Re1 Ng4 14. h3 Qh4
15. Be3 Bh2+ 16. Kf1 Bf4 17. Re2 Bxe3 18. fxe3 Qg3 19. hxg4 Bxg4 20. Na3 Rae8
21. Nc2 Re6 22. Bxe6 fxe6+ 23. Kg1 Rf2 24. Rxf2 Bxd1 25. Rxd1 h5 26. Rf3 Qg4
27. Rdf1 g5 28. Ne1 Qe4 29. Rf8+ Kg7 30. R1f7+ Kg6 31. Nf3 Qxe3+ 32. Kh2 h4 33.
Ne5+ 1-0

[Event "18. Torneo Ciudad de Albacete 2010"]
[Site "Albacete ESP"]
[Date "2010.09.17"]
[Round "6.15"]
[White "Barroso Vilanova, Daniel"]
[Black "Moya Albaladejo, Jose Antonio"]
[Result "0-1"]
[WhiteElo "1537"]
[BlackElo "1952"]
[PlyCount "68"]
[EventDate "2010.09.14"]
[EventType "swiss"]
[EventRounds "9"]
[EventCountry "ESP"]
[Source "lmi"]
[SourceDate "2010.09.14"]

1. e4 Nf6 2. Nc3 d5 3. e5 Ne4 4. Nxe4 dxe4 5. d4 exd3 6. Bxd3 Nc6 7. Bf4 Qd4 8.
Ne2 Qxb2 9. O-O g6 10. Qd2 Bg7 11. Rfb1 Qa3 12. Qe3 a6 13. Nd4 Nxd4 14. Qxd4 e6
15. Bd2 Qe7 16. Bb4 Qd7 17. Qf4 Qd5 18. Bc3 Qc5 19. Bd4 Qe7 20. Bc3 c5 21. Be4
Rb8 22. Bc6+ Kf8 23. Rb6 h5 24. Qd2 Qc7 25. Qd6+ Qxd6 26. exd6 Bxc3 27. Rd1 Ba5
28. Rb3 c4 29. Rbb1 Kg7 30. Bf3 Rd8 31. Rd4 b5 32. Rbd1 Bb7 33. Bxb7 Rxb7 34.
d7 Kf6 0-1

[Event "18. Torneo Ciudad de Albacete 2010"]
[Site "Albacete ESP"]
[Date "2010.09.17"]
[Round "6.19"]
[White "Hernandez Aracil, Manuel"]
[Black "Coves Sepulcre, Laureano"]
[Result "0-1"]
[WhiteElo "1485"]
[BlackElo "1905"]
[PlyCount "75"]
[EventDate "2010.09.14"]
[EventType "swiss"]
[EventRounds "9"]
[EventCountry "ESP"]
[Source "lmi"]
[SourceDate "2010.09.14"]

1. d4 d5 2. Nf3 Nf6 3. a3 e6 4. Bg5 c5 5. dxc5 Bxc5 6. e3 O-O 7. Bd3 b6 8. Nbd2
Ba6 9. Nb3 Bxd3 10. cxd3 Be7 11. O-O Nc6 12. d4 Rc8 13. g3 h6 14. Bxf6 Bxf6 15.
h4 Qd6 16. Qe2 Rc7 17. Kg2 Rfc8 18. Nh2 e5 19. Ng4 exd4 20. Nxh6+ gxh6 21. Qg4+
Bg7 22. exd4 Qe6 23. Qxe6 fxe6 24. Rad1 a5 25. a4 Nb4 26. Kf3 Rc2 27. Rc1 Nd3
28. Rxc2 Rxc2 29. Kg4 Rxb2 30. Nc1 Rb1 31. Nxd3 Rxf1 32. f4 Bxd4 33. Kh5 Kh7
34. g4 Ra1 35. g5 hxg5 36. Kxg5 Kg7 37. Kg4 Rxa4 38. h5 0-1

[Event "18. Torneo Ciudad de Albacete 2010"]
[Site "Albacete ESP"]
[Date "2010.09.17"]
[Round "7.1"]
[White "Pogorelov, Ruslan"]
[Black "Gongora Reyes, Maikel"]
[Result "1/2-1/2"]
[WhiteElo "2447"]
[BlackElo "2468"]
[PlyCount "76"]
[EventDate "2010.09.14"]
[EventType "swiss"]
[EventRounds "9"]
[EventCountry "ESP"]
[Source "lmi"]
[SourceDate "2010.09.14"]

1. Nf3 g6 2. d4 Bg7 3. e4 d6 4. c4 Bg4 5. Be2 Bxf3 6. Bxf3 c6 7. Be3 Nd7 8. Nc3
Ngf6 9. O-O O-O 10. Rb1 a5 11. a3 e5 12. d5 c5 13. b4 axb4 14. axb4 b6 15. Qb3
Qe7 16. Ra1 Rfb8 17. Ra3 Qd8 18. Rfa1 Rxa3 19. Qxa3 Bf8 20. Nb5 cxb4 21. Qxb4
Nc5 22. Bxc5 bxc5 23. Qa5 Qxa5 24. Rxa5 Nd7 25. Be2 Nb6 26. Ra6 Rb7 27. g3 f5
28. exf5 gxf5 29. f3 Kf7 30. Kg2 Kf6 31. h4 h6 32. Kh3 Be7 33. g4 e4 34. f4
fxg4+ 35. Kxg4 Bf8 36. Kg3 Kf5 37. Bg4+ Kf6 38. Be2 Kf5 1/2-1/2

[Event "18. Torneo Ciudad de Albacete 2010"]
[Site "Albacete ESP"]
[Date "2010.09.17"]
[Round "7.2"]
[White "Almeida Quintana, Omar"]
[Black "La Rota, Fabio"]
[Result "1-0"]
[WhiteElo "2559"]
[BlackElo "2234"]
[PlyCount "63"]
[EventDate "2010.09.14"]
[EventType "swiss"]
[EventRounds "9"]
[EventCountry "ESP"]
[Source "lmi"]
[SourceDate "2010.09.14"]

1. d4 d5 2. c4 e6 3. Nc3 Nf6 4. Bg5 Nbd7 5. e3 c6 6. cxd5 cxd5 7. Bd3 Bd6 8.
Nf3 a6 9. O-O b5 10. a4 b4 11. Ne2 a5 12. Rc1 Qb6 13. Bb5 Ne4 14. Bf4 Ke7 15.
Rc6 Qb8 16. Qc2 Bxf4 17. Nxf4 Nd6 18. Qe2 Bb7 19. Rcc1 Nxb5 20. axb5 Qd6 21.
Nd3 Rac8 22. Nfe5 Nxe5 23. Nxe5 f6 24. Qg4 g5 25. Rxc8 Rxc8 26. Qh5 fxe5 27.
Qxh7+ Kd8 28. Qxb7 exd4 29. exd4 Rb8 30. Qg7 Qe7 31. Qe5 Rxb5 32. Rc1 1-0

[Event "18. Torneo Ciudad de Albacete 2010"]
[Site "Albacete ESP"]
[Date "2010.09.17"]
[Round "7.3"]
[White "Gonzalez Perez, Arian"]
[Black "Mirzoev, Azer"]
[Result "0-1"]
[WhiteElo "2410"]
[BlackElo "2525"]
[PlyCount "82"]
[EventDate "2010.09.14"]
[EventType "swiss"]
[EventRounds "9"]
[EventCountry "ESP"]
[Source "lmi"]
[SourceDate "2010.09.14"]

1. d4 d5 2. c4 e6 3. Nc3 Be7 4. Nf3 Nf6 5. Bg5 h6 6. Bh4 O-O 7. e3 Nbd7 8. Rc1
c6 9. Bd3 dxc4 10. Bxc4 b5 11. Bd3 Bb7 12. O-O a6 13. Bxf6 Nxf6 14. Ne4 Nd7 15.
a3 a5 16. Bb1 Rc8 17. Qc2 g6 18. Rfd1 Qc7 19. h4 c5 20. Nxc5 Nxc5 21. dxc5 Bxf3
22. gxf3 Qxc5 23. Qxc5 Rxc5 24. Rxc5 Bxc5 25. Rd7 Rc8 26. Bd3 b4 27. Ba6 Ra8
28. Bb7 Rb8 29. a4 b3 30. Kg2 h5 31. Bc6 Bb4 32. Rd3 Rc8 33. Be4 f5 34. Bb7 Rc2
35. Rxb3 Be1 36. Rb6 Kf7 37. Kf1 Bxf2 38. Bc8 Bxe3 39. Bxe6+ Ke7 40. Ra6 Rf2+
41. Ke1 Rxb2 0-1

[Event "18. Torneo Ciudad de Albacete 2010"]
[Site "Albacete ESP"]
[Date "2010.09.17"]
[Round "7.4"]
[White "Abreu Delgado, Aryam"]
[Black "Marholev, Dimitar"]
[Result "1/2-1/2"]
[WhiteElo "2473"]
[BlackElo "2407"]
[PlyCount "40"]
[EventDate "2010.09.14"]
[EventType "swiss"]
[EventRounds "9"]
[EventCountry "ESP"]
[Source "lmi"]
[SourceDate "2010.09.14"]

1. e4 e5 2. Nf3 Nc6 3. Bb5 a6 4. Ba4 Nf6 5. O-O Be7 6. d3 b5 7. Bb3 d6 8. a4
Bg4 9. c3 Na5 10. Ba2 c5 11. Nbd2 O-O 12. Re1 Nc6 13. Nf1 Be6 14. Bg5 Bxa2 15.
Rxa2 Nd7 16. Bxe7 Nxe7 17. Ne3 Nb6 18. axb5 axb5 19. Qb3 Rxa2 20. Qxa2 Qa8
1/2-1/2

[Event "18. Torneo Ciudad de Albacete 2010"]
[Site "Albacete ESP"]
[Date "2010.09.17"]
[Round "7.5"]
[White "Kovacevic, Slobodan"]
[Black "Martinez Rodriguez, Pablo"]
[Result "0-1"]
[WhiteElo "2386"]
[BlackElo "2239"]
[PlyCount "132"]
[EventDate "2010.09.14"]
[EventType "swiss"]
[EventRounds "9"]
[EventCountry "ESP"]
[Source "lmi"]
[SourceDate "2010.09.14"]

1. d4 d5 2. Bf4 c5 3. e3 cxd4 4. exd4 Nc6 5. c3 Nf6 6. Bd3 Bg4 7. Qb3 Qc8 8.
Nd2 e6 9. Ngf3 Be7 10. Ne5 Bh5 11. Nxc6 bxc6 12. Qa4 a5 13. Nb3 Bg6 14. Be2 Bc2
15. Rc1 Nd7 16. Rxc2 Nb6 17. Qxa5 Rxa5 18. Nxa5 O-O 19. b4 Qd7 20. O-O Bd6 21.
Be3 Ra8 22. a3 Ra7 23. g3 Bc7 24. Ra1 Na4 25. Nb3 Bb6 26. Nc5 Bxc5 27. dxc5 e5
28. Rd1 Qf5 29. Bd3 Qf3 30. Be2 Qe4 31. Bd3 Qf3 32. Rdd2 f5 33. Be2 Qe4 34. Bd3
Qf3 35. Bf1 f4 36. Bg2 Qg4 37. gxf4 exf4 38. f3 Qf5 39. Bf2 Re7 40. Rc1 g5 41.
Bf1 g4 42. Bd3 Qh5 43. Bd4 gxf3 44. Rf2 Re3 45. Bf1 Kf7 46. b5 cxb5 47. Bxb5
Qg6+ 48. Kh1 Qe4 49. Kg1 Nxc3 50. Bxc3 Rxc3 51. Rcf1 Rxc5 52. Rxf3 Qg6+ 53. Kh1
Rxb5 54. Rxf4+ Ke6 55. Rg1 Qc2 56. Re1+ Kd6 57. Rf6+ Kc5 58. Rf8 Kc4 59. Ref1
Kb3 60. R8f4 Kxa3 61. Ra1+ Kb3 62. Raf1 Rc5 63. Rg1 Rc4 64. Rg3+ Kb4 65. Rff3
Qe4 66. Kg2 Rc3 0-1

[Event "18. Torneo Ciudad de Albacete 2010"]
[Site "Albacete ESP"]
[Date "2010.09.17"]
[Round "7.6"]
[White "Pardo Simon, David"]
[Black "Alcaraz Ortega, Javier"]
[Result "0-1"]
[WhiteElo "2336"]
[BlackElo "2229"]
[PlyCount "86"]
[EventDate "2010.09.14"]
[EventType "swiss"]
[EventRounds "9"]
[EventCountry "ESP"]
[Source "lmi"]
[SourceDate "2010.09.14"]

1. e4 d5 2. exd5 Qxd5 3. Nc3 Qa5 4. Bc4 Nf6 5. d3 Bg4 6. f3 Bd7 7. Nge2 e6 8.
O-O Be7 9. Ng3 O-O 10. Kh1 Rd8 11. Bd2 Qb6 12. a4 a5 13. f4 Nc6 14. Nce4 g6 15.
c3 Be8 16. d4 Nb8 17. Qe2 Nxe4 18. Nxe4 Nd7 19. Ng5 Bf8 20. Be3 Qd6 21. Bd3 Bg7
22. Nf3 Nb6 23. Ne5 Nxa4 24. Be4 Rab8 25. Qc2 Nb6 26. c4 Qb4 27. c5 Nd5 28. Bg1
Bb5 29. Rf3 a4 30. Bf2 Nf6 31. Bd3 Ra8 32. Nc4 Bc6 33. Rh3 Be4 34. Be1 Bxd3 35.
Rxd3 Qb5 36. Bh4 Rd5 37. Ne3 Rd7 38. Bxf6 Bxf6 39. Ng4 Bxd4 40. Rad1 Rad8 41.
Qd2 Rd5 42. f5 Qxd3 43. Qxd3 Bxb2 0-1

[Event "18. Torneo Ciudad de Albacete 2010"]
[Site "Albacete ESP"]
[Date "2010.09.17"]
[Round "7.7"]
[White "Sanchez Jerez, Emilio Miguel"]
[Black "Fenollar Jorda, Manuel"]
[Result "1-0"]
[WhiteElo "2282"]
[BlackElo "2344"]
[PlyCount "61"]
[EventDate "2010.09.14"]
[EventType "swiss"]
[EventRounds "9"]
[EventCountry "ESP"]
[Source "lmi"]
[SourceDate "2010.09.14"]

1. e4 e6 2. b3 d5 3. Bb2 Nf6 4. e5 Ng8 5. f4 Nh6 6. Nc3 c5 7. Qh5 Nc6 8. Nf3
Nf5 9. O-O-O a6 10. Kb1 b5 11. Ne2 Qb6 12. g4 Nfd4 13. Nfxd4 Nxd4 14. Nxd4 cxd4
15. f5 Be7 16. Bd3 a5 17. a3 Bd7 18. Rhf1 exf5 19. gxf5 g6 20. fxg6 fxg6 21.
Qh6 O-O-O 22. Rf7 Qe6 23. Rxh7 Qxe5 24. Rxh8 Rxh8 25. Qxg6 Kb7 26. Qg1 Bc5 27.
Re1 Qxh2 28. Qg7 Kc8 29. Bxd4 Bxd4 30. Qxd4 Rh5 31. Bxb5 1-0

[Event "18. Torneo Ciudad de Albacete 2010"]
[Site "Albacete ESP"]
[Date "2010.09.17"]
[Round "7.8"]
[White "Jimenez Martinez, Jose Vicente"]
[Black "Ontanon Gomez, Pablo"]
[Result "1-0"]
[WhiteElo "2273"]
[BlackElo "2041"]
[PlyCount "129"]
[EventDate "2010.09.14"]
[EventType "swiss"]
[EventRounds "9"]
[EventCountry "ESP"]
[Source "lmi"]
[SourceDate "2010.09.14"]

1. d4 c5 2. d5 Nf6 3. c4 b5 4. cxb5 a6 5. b6 Bb7 6. Nc3 e6 7. e4 exd5 8. exd5
d6 9. a4 a5 10. Bb5+ Nbd7 11. Nf3 Be7 12. Nd2 O-O 13. Nc4 Nxb6 14. Nxb6 Qxb6
15. O-O Ne8 16. Ra3 Nc7 17. Qg4 Nxb5 18. axb5 Kh8 19. Bd2 Bc8 20. Qh5 Bd7 21.
Re1 Bf6 22. Ne4 g6 23. Qh6 Bg7 24. Bc3 f6 25. Qh4 Rae8 26. Re3 h6 27. Bxf6 Kg8
28. Be7 g5 29. Bxg5 hxg5 30. Qxg5 Rf5 31. Qg3 Rxd5 32. h3 Qd8 33. Rad3 Rxd3 34.
Rxd3 Qe7 35. Rxd6 Qxe4 36. Rxd7 Qe1+ 37. Kh2 Qe5 38. b6 Qxg3+ 39. Kxg3 Bxb2 40.
f4 Bc1 41. f5 c4 42. Kg4 Be3 43. b7 Bb6 44. Rd6 Ba7 45. Ra6 Bb8 46. Rc6 Be5 47.
Rxc4 Rb8 48. Rc5 Bd6 49. Rxa5 Rxb7 50. Rd5 Rg7+ 51. Kf3 Bc7 52. g4 Rh7 53. Kg2
Re7 54. g5 Bf4 55. h4 Kf7 56. Kf3 Bb8 57. h5 Ra7 58. h6 Kg8 59. Rd8+ Kh7 60.
Kg4 Ra1 61. Rd7+ Kg8 62. g6 Rg1+ 63. Kh5 Rh1+ 64. Kg5 Rg1+ 65. Kf6 1-0

[Event "18. Torneo Ciudad de Albacete 2010"]
[Site "Albacete ESP"]
[Date "2010.09.17"]
[Round "7.9"]
[White "Serna Lara, Sergio"]
[Black "Machado Hernandez, Junior"]
[Result "1-0"]
[WhiteElo "2236"]
[BlackElo "2010"]
[PlyCount "43"]
[EventDate "2010.09.14"]
[EventType "swiss"]
[EventRounds "9"]
[EventCountry "ESP"]
[Source "lmi"]
[SourceDate "2010.09.14"]

1. d4 Nf6 2. c4 e6 3. g3 d5 4. Nf3 Be7 5. Bg2 O-O 6. O-O b6 7. cxd5 exd5 8. Nc3
Bb7 9. Bf4 Nbd7 10. Rc1 c5 11. dxc5 Nxc5 12. Nb5 Nfe4 13. Nbd4 Rc8 14. Bh3 g5
15. Bxc8 Qxc8 16. Be3 Qh3 17. b4 Na6 18. a3 g4 19. Ne5 f5 20. Ndc6 Bd6 21.
Qxd5+ Kh8 22. Nf7+ 1-0

[Event "18. Torneo Ciudad de Albacete 2010"]
[Site "Albacete ESP"]
[Date "2010.09.17"]
[Round "7.10"]
[White "Picazo Lopez, Juan Antonio"]
[Black "Belinchon Calleja, David"]
[Result "1/2-1/2"]
[WhiteElo "2232"]
[BlackElo "1971"]
[PlyCount "56"]
[EventDate "2010.09.14"]
[EventType "swiss"]
[EventRounds "9"]
[EventCountry "ESP"]
[Source "lmi"]
[SourceDate "2010.09.14"]

1. d4 d5 2. c4 dxc4 3. Nc3 e5 4. d5 Nf6 5. e4 c6 6. Bxc4 b5 7. Bb3 b4 8. Nce2
Nxe4 9. Nf3 Nc5 10. Nxe5 Nxb3 11. axb3 Qxd5 12. Qxd5 cxd5 13. Nd4 f6 14. Nec6
Nxc6 15. Nxc6 Bd7 16. Nd4 a5 17. O-O Bc5 18. Be3 Kf7 19. Rfd1 Rhc8 20. h3 g6
21. Ra2 f5 22. g3 Be7 23. Rda1 Bd8 24. h4 Ra6 25. Bd2 Rd6 26. Bf4 Ra6 27. Bd2
Rd6 28. Bf4 Ra6 1/2-1/2

[Event "18. Torneo Ciudad de Albacete 2010"]
[Site "Albacete ESP"]
[Date "2010.09.17"]
[Round "7.11"]
[White "Llavador Moron, Juan Jose"]
[Black "Gonzalez Lopez, Julian"]
[Result "1-0"]
[WhiteElo "2160"]
[BlackElo "1969"]
[PlyCount "35"]
[EventDate "2010.09.14"]
[EventType "swiss"]
[EventRounds "9"]
[EventCountry "ESP"]
[Source "lmi"]
[SourceDate "2010.09.14"]

1. e4 c5 2. Nf3 e6 3. d4 cxd4 4. Nxd4 Nc6 5. Nb5 d6 6. c4 Nf6 7. N1c3 Be7 8.
Be2 a6 9. Na3 O-O 10. O-O Qc7 11. Bf4 b6 12. Rc1 Bb7 13. Nd5 exd5 14. cxd5 Nxe4
15. dxc6 Bxc6 16. Qc2 Rac8 17. Bxa6 Ra8 18. Qxe4 1-0

[Event "18. Torneo Ciudad de Albacete 2010"]
[Site "Albacete ESP"]
[Date "2010.09.17"]
[Round "7.12"]
[White "Campayo Hernandez, Juan"]
[Black "Atienza, Hilario"]
[Result "1-0"]
[WhiteElo "2154"]
[BlackElo "1861"]
[PlyCount "37"]
[EventDate "2010.09.14"]
[EventType "swiss"]
[EventRounds "9"]
[EventCountry "ESP"]
[Source "lmi"]
[SourceDate "2010.09.14"]

1. c4 e5 2. g3 Nc6 3. Bg2 d6 4. Nc3 g6 5. e4 Bg7 6. Nge2 Nge7 7. O-O O-O 8. d3
Bg4 9. f3 Be6 10. Nd5 Nd4 11. Nxd4 exd4 12. Bg5 f6 13. Bd2 c6 14. Nf4 Qd7 15.
b4 a6 16. Re1 Rfe8 17. Qc2 c5 18. Rab1 Nc6 19. Nxe6 1-0

[Event "18. Torneo Ciudad de Albacete 2010"]
[Site "Albacete ESP"]
[Date "2010.09.17"]
[Round "7.13"]
[White "Castellanos Bogalo, Antonio"]
[Black "Olivera Gutierrez, Albert"]
[Result "1-0"]
[WhiteElo "2062"]
[BlackElo "2073"]
[PlyCount "79"]
[EventDate "2010.09.14"]
[EventType "swiss"]
[EventRounds "9"]
[EventCountry "ESP"]
[Source "lmi"]
[SourceDate "2010.09.14"]

1. e4 c5 2. d4 cxd4 3. c3 dxc3 4. Nxc3 Nc6 5. Nf3 e6 6. Bc4 a6 7. a3 Nge7 8.
O-O Ng6 9. Be3 Be7 10. Qe2 O-O 11. Rfd1 Qa5 12. Qd2 Bc5 13. b4 Bxe3 14. Qxe3
Qc7 15. Be2 b5 16. Rac1 Bb7 17. a4 bxa4 18. Nxa4 Rfe8 19. Nc5 Bc8 20. Qc3 Qb6
21. Rb1 d5 22. Bf1 dxe4 23. Nxe4 Nce7 24. Nd6 Rf8 25. Qc5 Rb8 26. Nc4 Qxc5 27.
bxc5 Bb7 28. Nfe5 Be4 29. Ra1 Rfd8 30. Nd7 Rxd7 31. Rxd7 Bc6 32. Rd6 Bb5 33.
Nb6 Nf5 34. Rd2 Bc6 35. Ra5 Nf4 36. Nd7 Bxd7 37. Rxd7 h5 38. g3 Nd5 39. c6 Nb4
40. c7 1-0